000 02160cam a2200313 4500500
005 20260412000423.0
041 _afre
042 _adc
100 1 0 _aLambotte, Isabelle
_eauthor
700 1 0 _aPevenage, Claire Van
_eauthor
700 1 0 _aFrippiat, Jessica
_eauthor
245 0 0 _aSecret et non-dits : leviers de l’intimité, de l’autonomie et de l’appartenance
260 _c2026.
500 _a26
520 _aLe secret n’a pas bonne presse dans notre société actuelle. Et pourtant. Véritable outil de travail du professionnel psy, il participe au développement de l’enfant par le travail sur le processus d’autonomisation/individuation et par la création de liens « secure », de sentiments d’appartenance aux groupes. Il facilite l’installation d’une alliance thérapeutique et soutient l’importance de l’intimité. Son dévoilement, si nécessaire, tiendra compte de la manière, de la temporalité, du contexte, de l’impact psychique, émotionnel, relationnel et social.
520 _aSecrecy does not enjoy a positive reputation in contemporary society. Nevertheless, when understood as a genuine working tool for mental health professionals, it contributes to child development by fostering secure attachments, a sense of belonging to groups, and the process of autonomy and individuation. It facilitates the establishment of a therapeutic alliance and supports the value of intimacy. When disclosure is necessary, careful consideration must be given to its manner, timing, and context, as well as to its psychological, emotional, relational, and social impact.
690 _aappartenance
690 _aautonomie
690 _aintimité
690 _anon-dits
690 _asecret
690 _aautonomy
690 _abelonging
690 _aintimacy
690 _asecrecy
690 _aunspoken matters
786 0 _nCahiers critiques de thérapie familiale et de pratiques de réseaux | 76 | 1 | 2026-04-07 | p. 79-90 | 1372-8202
856 4 1 _uhttps://shs.cairn.info/revue-cahiers-critiques-de-therapie-familiale-et-de-pratiques-de-reseaux-2026-1-page-79?lang=fr&redirect-ssocas=7080
999 _c2209966
_d2209966